Officia de Sanctissimo eucharistiae Sacramento, et de Conceptione beatis. Virginis cum eorum octavariis iuxta ritum breviarii romanum

Detalles Bibliográficos
Formato: Libro
Publicado: Nápoles 1715
Materias:
Colección:Banco de datos
Acervo:Biblioteca del Ex Convento de Nuestra Señora de Guadalupe. Zacatecas
Tema general:Liturgia
Notas:Buena. XVII,6,19 (5432)
LEADER 00722nam a22001810004500
035 |a 43920 
036 |a 5104 
245 1 0 |a Officia de Sanctissimo eucharistiae Sacramento, et de Conceptione beatis. Virginis cum eorum octavariis iuxta ritum breviarii romanum 
260 |a Nápoles  |b Ex Tipografía de Félix Mosca  |c 1715 
500 |a Buena. XVII,6,19 (5432) 
650 1 0 |a Liturgia 
949 |a CRZ-CG 
959 |a Ex convento de Nuestra Señora de Guadalupe, Museo Regional de Zacatecas, Zacatecas  |b CCC4 
960 |a Convento de Nuestra Señora de Guadalupe, Zacatecas  |b DD87 
961 |a Franciscana  |b OF 
942 |c CRZ-CG 
943 |g Biblioteca del Ex Convento de Nuestra Señora de Guadalupe. Zacatecas 
999 |c 968047  |d 968047